<?xml version='1.0' encoding='UTF-8'?><?xml-stylesheet href='static/style.xsl' type='text/xsl'?><OAI-PMH xmlns="http://www.openarchives.org/OAI/2.0/" xmlns:xsi="http://www.w3.org/2001/XMLSchema-instance" xsi:schemaLocation="http://www.openarchives.org/OAI/2.0/ http://www.openarchives.org/OAI/2.0/OAI-PMH.xsd"><responseDate>2026-06-06T23:25:37Z</responseDate><request verb="GetRecord" identifier="oai:ebiltegia.mondragon.edu:20.500.11984/14480" metadataPrefix="marc">https://ebiltegia.mondragon.edu/oai/request</request><GetRecord><record><header><identifier>oai:ebiltegia.mondragon.edu:20.500.11984/14480</identifier><datestamp>2026-06-03T06:15:38Z</datestamp><setSpec>com_20.500.11984_473</setSpec><setSpec>com_20.500.11984_14090</setSpec><setSpec>col_20.500.11984_476</setSpec></header><metadata><record xmlns="http://www.loc.gov/MARC21/slim" xmlns:dcterms="http://purl.org/dc/terms/" xmlns:xsi="http://www.w3.org/2001/XMLSchema-instance" xmlns:doc="http://www.lyncode.com/xoai" xsi:schemaLocation="http://www.loc.gov/MARC21/slim http://www.loc.gov/standards/marcxml/schema/MARC21slim.xsd">
   <leader>00925njm 22002777a 4500</leader>
   <datafield ind2=" " ind1=" " tag="042">
      <subfield code="a">dc</subfield>
   </datafield>
   <datafield ind2=" " ind1=" " tag="720">
      <subfield code="a">Arias-Hermoso, Roberto</subfield>
      <subfield code="e">author</subfield>
   </datafield>
   <datafield ind2=" " ind1=" " tag="260">
      <subfield code="c">2026-05-30</subfield>
   </datafield>
   <datafield ind2=" " ind1=" " tag="520">
      <subfield code="a">Recent research has shown that learners’ writing competence is largely grounded in integrated language repertoires. However, disciplinary and multilingual writing remains underexplored, particularly in bilingual contexts where minority, majority and foreign languages coexist. This comparative study investigates how multilingual students from two bilingual regions (the Valencian Community and the Basque Country) perform in science writing across their three languages of schooling (Catalan/Basque, Spanish and English), and how crosslinguistic relationships vary according to learners’ L1s. Drawing on data from two large-scale empirical projects (Arias-Hermoso, R. 2025. “Basque Students' Multilingual Writing of Cognitive Discourse Functions: Analysing Developmental Patterns of Disciplinary Literacies.” Doctoral dissertation, Mondragon University. https://hdl.handle.net/20.500.11984/13913; Guzmán-Alcón, I. 2023. “The Effect of Intensity of Content and Language Integrated Learning Programmes on Students’ Multilingual Writing.” Doctoral Dissertation, Universitat Jaume I. https://www.tdx.cat/handle/10803/689142#page=1), over 900 primary and secondary education science texts are analysed through holistic rubrics. Results show correlations across language performances, particularly among bilingual L1 learners and in the Basque sample. Valencian students with Catalan-Spanish L1 backgrounds demonstrated the highest cross-linguistic consistency. Qualitative analyses revealed parallel discourse organisation and cohesion mechanisms. Findings evidence shared rhetorical repertoires in the three languages and advocate for integrated approaches to teaching disciplinary writing across all languages of schooling. The study contributes to multilingual education models recognising the interconnected nature of learners’ linguistic repertoires, including minority languages.</subfield>
   </datafield>
   <datafield ind1="8" ind2=" " tag="024">
      <subfield code="a">0143-4632</subfield>
   </datafield>
   <datafield ind1="8" ind2=" " tag="024">
      <subfield code="a">1747-7557</subfield>
   </datafield>
   <datafield ind1="8" ind2=" " tag="024">
      <subfield code="a">https://katalogoa.mondragon.edu/janium-bin/janium_login_opac.pl?find&amp;ficha_no=201900</subfield>
   </datafield>
   <datafield ind1="8" ind2=" " tag="024">
      <subfield code="a">https://hdl.handle.net/20.500.11984/14480</subfield>
   </datafield>
   <datafield tag="653" ind2=" " ind1=" ">
      <subfield code="a">Multilingual education</subfield>
   </datafield>
   <datafield tag="653" ind2=" " ind1=" ">
      <subfield code="a">Disciplinary writing</subfield>
   </datafield>
   <datafield tag="653" ind2=" " ind1=" ">
      <subfield code="a">Bilingual communities</subfield>
   </datafield>
   <datafield tag="653" ind2=" " ind1=" ">
      <subfield code="a">CLIL</subfield>
   </datafield>
   <datafield tag="653" ind2=" " ind1=" ">
      <subfield code="a">Crosslinguistic transfer</subfield>
   </datafield>
   <datafield tag="653" ind2=" " ind1=" ">
      <subfield code="a">Minority languages</subfield>
   </datafield>
   <datafield ind2="0" ind1="0" tag="245">
      <subfield code="a">Science writing in three languages: insights from two bilingual communities</subfield>
   </datafield>
</record></metadata></record></GetRecord></OAI-PMH>